[Event "68. Unterfränkische Einzelmeisterschaft 2017"]
[Site "Sailauf in Ufr."]
[Date "2017.04.18"]
[Round "2.4"]
[White "Helgert, Johannes"]
[Black "Gould, Charles"]
[Result "1/2-1/2"]
[BlackElo "2006"]
[WhiteElo "2036"]
[LiveChessVersion "1.4.8"]

1. d4 d6 2. c4 Nf6 3. Nc3 g6 4. e4 Bg7 5. Be2 O-O 6. Bg5 c5 7. d5 b5 8. cxb5 a6
9. a4 Qa5 10. Bd2 Nbd7 11. Nf3 Qb4 12. Qc2 axb5 13. Bxb5 Ba6 14. Ne2 Qxe4 15.
Qxe4 Nxe4 16. Bxd7 Bxb2 17. Rb1 Rfb8 18. Bc6 Ra7 19. Bb5 Bxb5 20. Rxb2 Rxa4 21.
O-O Kg7 22. Be3 Bxe2 23. Rxe2 Nc3 24. Rd2 Ne4 25. Rc2 Rab4 26. h3 Kf8 27. Rd1 Rb1
28. Bc1 Ke8 29. Nd2 Nxd2 30. Rdxd2 Ra8 31. Kh2 Kd7 32. Bb2 Ra2 33. Kg3 e6 34.
dxe6+ fxe6 35. f4 d5 36. Be5 Ra3+ 37. Kf2 Rb5 38. Ra2 Rba5 39. Rab2 Kc6 40. Rb8
1/2-1/2

[Event "68. Unterfränkische Einzelmeisterschaft 2017"]
[Site "Sailauf in Ufr."]
[Date "2017.04.18"]
[Round "2.5"]
[White "Kuhn, Norbert"]
[Black "Link, Robert"]
[Result "1/2-1/2"]
[BlackElo "1867"]
[WhiteElo "2117"]
[LiveChessVersion "1.4.8"]

1. e4 c5 2. Nf3 e6 3. c3 d5 4. exd5 exd5 5. d4 Nc6 6. Be2 Bd6 7. Be3 cxd4 8. Nxd4
Nge7 9. Nd2 O-O 10. N2f3 a6 11. O-O Bc7 12. Nxc6 Nxc6 13. Re1 Bf5 14. Nd4 Qd6 15.
g3 Be4 16. Bf4 Qd8 17. Bxc7 Qxc7 18. Nxc6 Qxc6 19. Bf1 Rad8 20. Qd4 Rfe8 21. Re3
{[%clk 0:20:27]} h6 {[%clk 0:49:58]} 22. Rae1 {[%clk 0:18:25]} f6
{[%clk 0:40:24]} 23. Bg2 {[%clk 0:07:36]} b5 {[%clk 0:38:12]} 24. f3
{[%clk 0:04:43]} Bg6 {[%clk 0:38:04]} 25. Rxe8+ {[%clk 0:04:58]} Rxe8
{[%clk 0:37:54]} 26. Rxe8+ {[%clk 0:05:09]} Bxe8 {[%clk 0:37:48]} 27. f4
{[%clk 0:05:23]} Bf7 {[%clk 0:38:03]} 28. b4 {[%clk 0:05:07]} Qe6
{[%clk 0:35:09]} 29. Kf2 {[%clk 0:05:00]} Qc6 {[%clk 0:31:36]} 30. a3
{[%clk 0:05:14]} Kf8 {[%clk 0:31:27]} 31. Qc5+ {[%clk 0:01:53]} Qxc5+
{[%clk 0:31:29]} 32. bxc5 {[%clk 0:02:20]} Ke7 {[%clk 0:31:34]} 33. Ke3
{[%clk 0:02:16]} Kd7 {[%clk 0:31:36]} 34. Kd4 {[%clk 0:02:34]} Kc6
{[%clk 0:31:28]} 35. Bh3 {[%clk 0:02:36]} Kc7 {[%clk 0:31:28]} 36. Bf5
{[%clk 0:02:40]} a5 {[%clk 0:29:42]} 37. Bd3 {[%clk 0:02:19]} Kc6
{[%clk 0:30:04]} 38. Be2 {[%clk 0:02:37]} a4 {[%clk 0:29:28]} 39. Bg4
{[%clk 0:02:07]} Kc7 {[%clk 0:28:08]} 40. Bf5 {[%clk 0:02:07]} g6
{[%clk 0:26:59]} 41. Bd3 {[%clk 0:01:01]} Kc6 {[%clk 0:27:15]} 42. h4
{[%clk 0:00:43]} Be8 {[%clk 0:27:21]} 43. g4 {[%clk 0:27:08]} Bf7
{[%clk 0:57:30]} 44. g5 {[%clk 0:24:25]} hxg5 {[%clk 0:57:25]} 45. fxg5
{[%clk 0:24:16]} fxg5 {[%clk 0:54:18]} 46. hxg5 {[%clk 0:24:40]} Be8
{[%clk 0:54:05]} 47. Bb1 {[%clk 0:24:17]} Bf7 {[%clk 0:54:12]} 48. Bc2
{[%clk 0:24:33]} Be8 {[%clk 0:53:56]} 49. Bd3 {[%clk 0:24:54]} Bf7
{[%clk 0:54:19]} 50. Ke5 {[%clk 0:20:08]} Kxc5 {[%clk 0:54:13]} 51. Kf6
{[%clk 0:20:17]} Be8 {[%clk 0:53:58]} 52. Bxg6 {[%clk 0:14:01]} Bxg6
{[%clk 0:52:04]} 53. Kxg6 {[%clk 0:14:23]} d4 {[%clk 0:50:08]} 54. cxd4+
{[%clk 0:14:29]} Kxd4 {[%clk 0:50:16]} 55. Kf7 {[%clk 0:08:33]} b4
{[%clk 0:49:45]} 56. axb4 {[%clk 0:08:00]} 1/2-1/2

[Event "68. Unterfränkische Einzelmeisterschaft 2017"]
[Site "Sailauf in Ufr."]
[Date "2017.04.18"]
[Round "2.6"]
[White "Ersöz, Can"]
[Black "Grod, Andreas"]
[Result "0-1"]
[BlackElo "2005"]
[WhiteElo "2031"]
[LiveChessVersion "1.4.8"]

1. e4 {[%clk 1:30:54]} c5 {[%clk 1:30:35]} 2. Nc3 {[%clk 1:31:15]} d6
{[%clk 1:30:27]} 3. f4 {[%clk 1:31:29]} Nf6 {[%clk 1:29:22]} 4. Nf3
{[%clk 1:31:06]} a6 {[%clk 1:28:21]} 5. d3 {[%clk 1:24:50]} e6 {[%clk 1:27:17]}
6. g3 {[%clk 1:23:11]} b5 {[%clk 1:26:07]} 7. Qe2 {[%clk 1:23:06]} Bb7
{[%clk 1:23:07]} 8. Bg2 {[%clk 1:21:52]} Qc7 {[%clk 1:21:56]} 9. O-O
{[%clk 1:21:19]} Be7 {[%clk 1:21:03]} 10. e5 {[%clk 1:13:57]} dxe5
{[%clk 1:05:57]} 11. fxe5 {[%clk 1:13:38]} Nd5 {[%clk 1:05:59]} 12. Ne4
{[%clk 1:05:42]} Nd7 {[%clk 0:57:45]} 13. c4 {[%clk 1:03:35]} Nb4
{[%clk 0:56:19]} 14. Bf4 {[%clk 0:44:10]} Nc6 {[%clk 0:44:59]} 15. Nd6+
{[%clk 0:40:50]} Bxd6 {[%clk 0:44:51]} 16. exd6 {[%clk 0:41:13]} Qb6
{[%clk 0:44:52]} 17. Ng5 {[%clk 0:40:03]} O-O {[%clk 0:35:09]} 18. Qh5
{[%clk 0:31:18]} Nf6 {[%clk 0:32:31]} 19. Qh3 {[%clk 0:29:54]} h6
{[%clk 0:22:18]} 20. Ne4 {[%clk 0:18:16]} Nh7 {[%clk 0:18:10]} 21. Bxh6
{[%clk 0:17:02]} Ne5 {[%clk 0:14:02]} 22. Be3 {[%clk 0:07:31]} Nxd3
{[%clk 0:10:50]} 23. Rad1 {[%clk 0:07:14]} bxc4 {[%clk 0:10:51]} 24. Rxd3
{[%clk 0:06:29]} cxd3 {[%clk 0:10:45]} 25. Bxc5 {[%clk 0:06:47]} Qxb2
{[%clk 0:10:14]} 26. d7 {[%clk 0:03:21]} d2 {[%clk 0:04:48]} 27. Qh5
{[%clk 0:03:25]} Qc2 {[%clk 0:03:39]} 28. Bxf8 {[%clk 0:03:09]} Rxf8
{[%clk 0:03:44]} 29. Qe2 {[%clk 0:01:43]} Rd8 {[%clk 0:03:16]} 30. Nxd2
{[%clk 0:00:43]} Rxd7 {[%clk 0:03:25]} 31. Bxb7 {[%clk 0:00:53]} Rxd2
{[%clk 0:03:47]} 32. Qxa6 {[%clk 0:01:09]} Qxa2 {[%clk 0:03:59]} 33. Qc6
{[%clk 0:00:54]} Nf6 {[%clk 0:04:02]} 34. h3 {[%clk 0:00:37]} Qa3
{[%clk 0:03:00]} 35. Qc7 {[%clk 0:00:34]} Qe3+ {[%clk 0:02:48]} 36. Kh1
{[%clk 0:00:53]} Qe2 {[%clk 0:02:58]} 0-1

[Event "68. Unterfränkische Einzelmeisterschaft 2017"]
[Site "Sailauf in Ufr."]
[Date "2017.04.18"]
[Round "2.7"]
[White "Oster, Klaus"]
[Black "Mueller, Lutz"]
[Result "0-1"]
[BlackElo "2043"]
[WhiteElo "1903"]
[LiveChessVersion "1.4.8"]

1. d4 {[%clk 1:30:56]} Nf6 {[%clk 1:30:50]} 2. Nf3 {[%clk 1:31:17]} g6
{[%clk 1:31:01]} 3. Bf4 {[%clk 1:30:24]} Bg7 {[%clk 1:31:07]} 4. c4
{[%clk 1:27:58]} c5 {[%clk 1:27:44]} 5. Nc3 {[%clk 1:26:04]} cxd4
{[%clk 1:24:47]} 6. Nxd4 {[%clk 1:24:55]} d6 {[%clk 1:20:40]} 7. Nf3
{[%clk 1:18:21]} Nc6 {[%clk 1:16:45]} 8. e4 {[%clk 1:13:43]} O-O {[%clk 1:09:57]}
9. Be2 {[%clk 1:06:28]} h6 {[%clk 1:09:18]} 10. Qd2 {[%clk 1:04:18]} Kh7
{[%clk 1:09:31]} 11. O-O {[%clk 1:02:39]} Be6 {[%clk 1:08:22]} 12. Rac1
{[%clk 0:59:30]} Rc8 {[%clk 1:04:01]} 13. Rfe1 Ng4 {[%clk 0:54:28]} 14. Nd5
{[%clk 0:52:37]} Nge5 {[%clk 0:50:49]} 15. Nxe5 {[%clk 0:50:14]} dxe5
{[%clk 0:49:36]} 16. Be3 {[%clk 0:49:45]} Nd4 {[%clk 0:48:35]} 17. Qb4
{[%clk 0:43:38]} Bxd5 {[%clk 0:45:50]} 18. cxd5 {[%clk 0:42:40]} Rxc1
{[%clk 0:43:29]} 19. Bxc1 {[%clk 0:43:02]} Nc2 {[%clk 0:43:49]} 20. Qc3
{[%clk 0:42:41]} Nxe1 {[%clk 0:43:57]} 21. Qxe1 {[%clk 0:43:03]} Qc7
{[%clk 0:35:27]} 22. Bd3 {[%clk 0:38:09]} Rc8 {[%clk 0:27:56]} 23. Bd2
{[%clk 0:36:56]} Bf6 {[%clk 0:19:33]} 24. g3 {[%clk 0:36:53]} Bg5
{[%clk 0:19:12]} 25. Bc3 {[%clk 0:37:01]} Bf6 {[%clk 0:15:42]} 26. Kg2
{[%clk 0:35:02]} Rd8 {[%clk 0:10:08]} 27. Qe2 {[%clk 0:30:00]} Bg7
{[%clk 0:06:48]} 28. Bc2 {[%clk 0:25:30]} Rb8 {[%clk 0:06:30]} 29. a4
{[%clk 0:24:23]} Qd7 {[%clk 0:06:39]} 30. a5 {[%clk 0:24:11]} b5 31. Bb4 Rc8 32.
Bb3 a6 33. Qe3 Qc7 34. Bc3 Bf6 35. h4 Qc5 36. Qxc5 Rxc5 37. Bb4 Rc8 38. d6 e6 39.
Bc3 Kg7 40. f4 exf4 41. e5 Bd8 42. Bd1 fxg3 43. Kxg3 Rc4 44. h5 g5 45. Be2 Ra4
46. Bd1 Rc4 47. Be2 Rxc3+ 48. bxc3 Bxa5 49. c4 bxc4 50. Bxc4 Bc3 51. d7 Bxe5+ 52.
Kf3 Bc7 53. Bxa6 f5 54. Bc4 Kf6 55. Bb3 e5 56. Bc4 e4+ 57. Ke3 Bb6+ 58. Ke2 Ke5
59. Kf1 Kd4 60. Be6 Ke5 61. Bc4 f4 62. Ke2 g4 63. Kf1 f3 64. d8=Q Bxd8 65. Kg1 g3
66. Kh1 g2+ 67. Kh2 Bb6 0-1

[Event "68. Unterfränkische Einzelmeisterschaft 2017"]
[Site "Sailauf in Ufr."]
[Date "2017.04.18"]
[Round "2.8"]
[White "Hamlack, Heinz"]
[Black "Blank, Stefan"]
[Result "1-0"]
[BlackElo "1862"]
[WhiteElo "2003"]
[LiveChessVersion "1.4.8"]

1. Nf3 Nf6 2. c4 g6 3. g3 Bg7 4. Bg2 O-O 5. Nc3 d6 6. O-O Nbd7 7. d4 c5 8. d5 Ng4
9. e4 Nge5 10. Nxe5 Nxe5 11. Qe2 a6 12. h3 b5 13. cxb5 axb5 14. Nxb5 Ba6 15. a4
Qb6 16. Bg5 Rfe8 17. Be3 Rab8 18. f4 Nd7 19. Rfb1 Bxb5 20. axb5 Qxb5 21. Qxb5
Rxb5 22. Ra7 Nf8 23. e5 dxe5 24. d6 exd6 25. Bc6 Reb8 26. Bxb5 Rxb5 27. Rd1 exf4
28. gxf4 {[%clk 0:36:54]} Rb3 {[%clk 0:06:04]} 29. Ra3 {[%clk 0:35:29]} Rb6
{[%clk 0:06:10]} 30. Rad3 {[%clk 0:24:01]} Rxb2 {[%clk 0:05:03]} 31. Rxd6 Ne6 32.
f5 gxf5 33. Rd8+ Bf8 34. Bh6 Rb3 35. Rxf8+ Nxf8 36. Rd8 Rg3+ 37. Kf2 Rg7 38. Rc8
f6 39. Kf3 c4 40. Kf4 c3 41. Bxg7 Kxg7 42. Kxf5 Ng6 43. Rc7+ Kh6 44. Rxc3 Ne7+
45. Ke6 Ng6 46. Kxf6 Nf4 47. Kf5 Ng6 48. Rc7 Nh4+ 49. Kf6 Ng6 50. Rc4 Kh5 51. Kg7
Kg5 52. Kxh7 Nf8+ 53. Kg7 Ne6+ 54. Kf7 Kf5 55. h4 Nd8+ 56. Kg7 Ne6+ 57. Kh6 Nd8
58. h5 Ne6 59. Ra4 Nd8 60. Ra6 Nb7 61. Kg7 Kg5 62. h6 1-0

[Event "68. Unterfränkische Einzelmeisterschaft 2017"]
[Site "Sailauf in Ufr."]
[Date "2017.04.18"]
[Round "3.1"]
[White "Hofstetter, Hans-Joachim"]
[Black "Braeutigam, Thomas"]
[Result "1/2-1/2"]
[BlackElo "2069"]
[WhiteElo "2243"]
[LiveChessVersion "1.4.8"]

1. Nf3 {[%clk 1:30:58]} Nf6 {[%clk 1:29:41]} 2. c4 {[%clk 1:31:24]} e6
{[%clk 1:29:18]} 3. Nc3 {[%clk 1:31:32]} d5 {[%clk 1:28:42]} 4. d4
{[%clk 1:31:35]} c6 {[%clk 1:28:42]} 5. Bg5 {[%clk 1:25:56]} dxc4
{[%clk 1:28:12]} 6. e4 {[%clk 1:25:31]} b5 {[%clk 1:28:30]} 7. Be2
{[%clk 1:23:47]} Be7 {[%clk 1:25:54]} 8. O-O {[%clk 1:17:28]} Bb7
{[%clk 1:22:15]} 9. Ne5 {[%clk 1:09:23]} Nbd7 {[%clk 1:13:29]} 10. Qc2
{[%clk 1:00:55]} Nxe5 {[%clk 1:09:36]} 11. dxe5 {[%clk 1:01:23]} Nd7
{[%clk 1:09:56]} 12. Bxe7 {[%clk 0:58:15]} Qxe7 {[%clk 1:09:56]} 13. f4
{[%clk 0:58:27]} O-O {[%clk 1:09:51]} 14. Rf3 {[%clk 0:50:50]} Rad8
{[%clk 0:54:45]} 15. Rd1 {[%clk 0:45:48]} Nb6 {[%clk 0:50:36]} 16. Rh3
{[%clk 0:41:22]} b4 {[%clk 0:38:03]} 17. Nb1 {[%clk 0:40:32]} Rxd1+
{[%clk 0:36:55]} 18. Qxd1 {[%clk 0:39:30]} Rd8 {[%clk 0:37:05]} 19. Qe1
{[%clk 0:39:05]} Rd4 {[%clk 0:33:56]} 20. Bf3 {[%clk 0:36:18]} Rd3
{[%clk 0:28:54]} 21. Kf1 {[%clk 0:34:47]} Ba6 {[%clk 0:28:24]} 22. Be2
{[%clk 0:30:51]} Rxh3 {[%clk 0:27:41]} 23. gxh3 {[%clk 0:31:20]} g6
{[%clk 0:23:02]} 24. Kg2 {[%clk 0:24:21]} c5 {[%clk 0:18:36]} 25. Qd2
{[%clk 0:21:05]} Qd7 {[%clk 0:09:50]} 26. Qxd7 {[%clk 0:19:13]} Nxd7
{[%clk 0:10:09]} 27. Kf3 {[%clk 0:19:24]} Nb6 {[%clk 0:09:57]} 28. Nd2
{[%clk 0:16:39]} Bb5 {[%clk 0:05:34]} 29. Ke3 {[%clk 0:12:52]} a6
{[%clk 0:05:52]} 30. Bd1 {[%clk 0:09:09]} Kf8 {[%clk 0:05:05]} 31. a4
{[%clk 0:09:22]} Nxa4 {[%clk 0:04:40]} 32. Bxa4 {[%clk 0:09:26]} Bxa4
{[%clk 0:05:01]} 33. Nxc4 {[%clk 0:09:49]} Bb5 {[%clk 0:05:06]} 34. Nd6
{[%clk 0:10:16]} Ke7 {[%clk 0:04:40]} 35. b3 {[%clk 0:06:19]} Bf1
{[%clk 0:04:57]} 36. h4 {[%clk 0:06:28]} h5 {[%clk 0:05:05]} 37. Kd4 1/2-1/2

[Event "68. Unterfränkische Einzelmeisterschaft 2017"]
[Site "Sailauf in Ufr."]
[Date "2017.04.18"]
[Round "3.2"]
[White "Gould, Charles"]
[Black "Kuhn, Tobias"]
[Result "1/2-1/2"]
[BlackElo "2207"]
[WhiteElo "2006"]
[LiveChessVersion "1.4.8"]

1. f4 {[%clk 1:30:56]} c5 {[%clk 1:30:51]} 2. b3 {[%clk 1:30:29]} Nc6
{[%clk 1:30:56]} 3. e3 {[%clk 1:26:46]} d5 {[%clk 1:30:45]} 4. Bb5
{[%clk 1:26:45]} Nf6 {[%clk 1:30:52]} 5. Nf3 {[%clk 1:26:45]} Bg4
{[%clk 1:30:25]} 6. Bxc6+ {[%clk 1:24:29]} bxc6 {[%clk 1:30:44]} 7. O-O
{[%clk 1:24:23]} g6 {[%clk 1:30:35]} 8. Bb2 {[%clk 1:24:24]} Bg7 {[%clk 1:31:02]}
9. d3 {[%clk 1:22:37]} O-O {[%clk 1:29:26]} 10. Nbd2 {[%clk 1:22:36]} a5
{[%clk 1:29:11]} 11. a4 {[%clk 1:21:51]} Qb6 {[%clk 1:14:40]} 12. Qe1
{[%clk 1:21:44]} 1/2-1/2

[Event "68. Unterfränkische Einzelmeisterschaft 2017"]
[Site "Sailauf in Ufr."]
[Date "2017.04.18"]
[Round "3.4"]
[White "Kunz, Konstantin"]
[Black "Link, Klaus"]
[Result "1/2-1/2"]
[BlackElo "1957"]
[WhiteElo "2199"]
[LiveChessVersion "1.4.8"]

1. d4 Nf6 2. Nf3 e6 3. e3 d5 4. b3 c5 5. Bb2 Nc6 6. Bd3 cxd4 7. exd4 Be7 8. Nbd2
O-O 9. a3 Nd7 10. Qe2 Bf6 11. h4 g6 12. h5 e5 13. hxg6 fxg6 14. dxe5 Ndxe5 15.
Nxe5 Bxe5 16. Bxe5 Nxe5 17. O-O Ng4 18. Nf3 Qd6 19. Nd2 {[%clk 0:27:31]} Qd8
{[%clk 0:24:12]} 20. Nf3 {[%clk 0:25:02]} Qd6 {[%clk 0:24:29]} 21. g3
{[%clk 0:24:34]} Bd7 {[%clk 0:23:42]} 22. Nh2 {[%clk 0:22:49]} Rae8
{[%clk 0:21:29]} 23. Qd2 {[%clk 0:22:57]} Ne5 {[%clk 0:20:00]} 24. Qb4
{[%clk 0:21:24]} Qc6 {[%clk 0:18:19]} 25. Qd4 {[%clk 0:21:23]} b6
{[%clk 0:15:05]} 26. b4 {[%clk 0:20:46]} Qd6 {[%clk 0:13:56]} 27. Rfe1
{[%clk 0:20:17]} Nc6 {[%clk 0:13:59]} 28. Qh4 {[%clk 0:18:13]} Re5
{[%clk 0:12:59]} 29. Rxe5 {[%clk 0:16:34]} Qxe5 {[%clk 0:12:23]} 30. Rf1
{[%clk 0:13:10]} Nd4 {[%clk 0:11:45]} 31. c3 {[%clk 0:12:13]} Nf5
{[%clk 0:09:57]} 32. Bxf5 {[%clk 0:12:03]} Bxf5 {[%clk 0:09:54]} 33. Rc1
{[%clk 0:10:11]} Rc8 {[%clk 0:08:41]} 34. Nf3 {[%clk 0:09:53]} Qe4
{[%clk 0:08:28]} 35. Qxe4 {[%clk 0:08:44]} Bxe4 {[%clk 0:08:53]} 36. Nd4
{[%clk 0:08:53]} Kf7 {[%clk 0:09:15]} 37. f3 {[%clk 0:07:11]} Bd3
{[%clk 0:09:38]} 38. Kf2 {[%clk 0:07:16]} Kf6 {[%clk 0:09:44]} 39. Ke3
{[%clk 0:07:08]} Bc4 {[%clk 0:10:02]} 40. Kd2 {[%clk 0:07:15]} h5
{[%clk 0:09:13]} 41. Rh1 {[%clk 0:02:28]} Re8 {[%clk 0:08:25]} 42. f4
{[%clk 0:01:24]} Re4 {[%clk 0:07:51]} 43. Re1 {[%clk 0:01:06]} Rxe1
{[%clk 0:08:00]} 44. Kxe1 {[%clk 0:01:34]} g5 {[%clk 0:08:02]} 45. fxg5+ Kxg5
{[%clk 0:38:56]} 46. Kf2 {[%clk 0:28:30]} Kg4 {[%clk 0:35:48]} 47. Nc6
{[%clk 0:28:52]} a6 {[%clk 0:34:52]} 48. Ne5+ {[%clk 0:27:32]} Kf5
{[%clk 0:33:53]} 49. Nxc4 {[%clk 0:16:02]} dxc4 {[%clk 0:34:00]} 50. a4
{[%clk 0:15:46]} Kg4 {[%clk 0:31:42]} 51. a5 {[%clk 0:13:47]} bxa5
{[%clk 0:31:18]} 52. bxa5 {[%clk 0:14:15]} Kf5 {[%clk 0:28:12]} 53. Ke3
{[%clk 0:12:24]} Kg4 {[%clk 0:28:05]} 54. Kf2 {[%clk 0:12:49]} Kf5
{[%clk 0:28:31]} 55. Kf3 {[%clk 0:12:59]} Kg5 {[%clk 0:27:49]} 56. Kg2
{[%clk 0:13:10]} Kg4 {[%clk 0:27:10]} 57. Kf2 {[%clk 0:13:35]} Kf5 1/2-1/2

[Event "68. Unterfränkische Einzelmeisterschaft 2017"]
[Site "Sailauf in Ufr."]
[Date "2017.04.18"]
[Round "3.5"]
[White "Grod, Andreas"]
[Black "Helgert, Johannes"]
[Result "1/2-1/2"]
[BlackElo "2036"]
[WhiteElo "2005"]
[LiveChessVersion "1.4.8"]

1. e4 {[%clk 1:30:56]} e6 {[%clk 1:30:37]} 2. d4 {[%clk 1:30:45]} d5
{[%clk 1:31:04]} 3. e5 {[%clk 1:30:38]} c5 {[%clk 1:31:29]} 4. Nf3
{[%clk 1:30:21]} Qb6 {[%clk 1:31:33]} 5. c3 {[%clk 1:29:49]} Nc6 {[%clk 1:32:00]}
6. Be2 {[%clk 1:28:20]} cxd4 {[%clk 1:31:55]} 7. cxd4 {[%clk 1:27:44]} Nh6
{[%clk 1:32:21]} 8. Nc3 {[%clk 1:20:24]} Nf5 {[%clk 1:31:57]} 9. Bb5
{[%clk 1:20:19]} Bd7 {[%clk 1:31:06]} 10. Bxc6 {[%clk 1:20:28]} Bxc6
{[%clk 1:31:15]} 11. O-O {[%clk 1:20:21]} Be7 {[%clk 1:30:40]} 12. h3
{[%clk 1:18:03]} O-O {[%clk 1:24:28]} 13. b3 {[%clk 1:14:52]} Rac8
{[%clk 1:17:37]} 14. Bb2 {[%clk 1:12:19]} Bb5 {[%clk 1:09:38]} 15. Nxb5
{[%clk 1:08:23]} Qxb5 {[%clk 1:09:56]} 16. g4 {[%clk 1:04:32]} Nh4
{[%clk 1:04:46]} 17. Nxh4 {[%clk 1:03:56]} Bxh4 {[%clk 1:05:14]} 18. Ba3
{[%clk 1:02:43]} Rfe8 {[%clk 1:05:09]} 19. Qd2 {[%clk 1:02:25]} Be7
{[%clk 0:57:26]} 20. Bxe7 {[%clk 0:59:52]} Rxe7 {[%clk 0:57:35]} 21. Rfc1
{[%clk 0:58:58]} Rec7 {[%clk 0:55:05]} 22. Rxc7 {[%clk 0:57:15]} Rxc7
{[%clk 0:55:33]} 23. Rc1 1/2-1/2

[Event "68. Unterfränkische Einzelmeisterschaft 2017"]
[Site "Sailauf in Ufr."]
[Date "2017.04.18"]
[Round "3.6"]
[White "Link, Robert"]
[Black "Schricker, Jochen"]
[Result "1/2-1/2"]
[BlackElo "2014"]
[WhiteElo "1867"]
[LiveChessVersion "1.4.8"]

1. Nf3 {[%clk 1:30:46]} c5 {[%clk 1:30:36]} 2. e4 {[%clk 1:31:07]} g6
{[%clk 1:30:59]} 3. d4 {[%clk 1:30:51]} cxd4 {[%clk 1:31:19]} 4. Nxd4
{[%clk 1:31:12]} Bg7 {[%clk 1:31:45]} 5. c4 {[%clk 1:30:36]} Nc6 {[%clk 1:32:00]}
6. Be3 {[%clk 1:30:48]} Nf6 {[%clk 1:32:21]} 7. Nc3 {[%clk 1:31:10]} d6
{[%clk 1:32:33]} 8. Be2 {[%clk 1:30:49]} Bd7 {[%clk 1:32:18]} 9. O-O
{[%clk 1:30:40]} O-O {[%clk 1:32:40]} 10. Rc1 {[%clk 1:30:05]} Nxd4
{[%clk 1:30:06]} 11. Bxd4 {[%clk 1:30:23]} Bc6 {[%clk 1:30:32]} 12. Qd3
{[%clk 1:23:35]} a5 {[%clk 1:26:33]} 13. Be3 {[%clk 1:15:50]} Nd7
{[%clk 1:25:53]} 14. f3 {[%clk 1:14:46]} a4 {[%clk 1:23:26]} 15. Qd2
{[%clk 1:14:10]} Nc5 {[%clk 1:17:35]} 16. Rfd1 {[%clk 1:13:03]} Qa5
{[%clk 1:06:23]} 17. Nd5 {[%clk 1:10:39]} Bxd5 {[%clk 1:05:18]} 18. exd5
{[%clk 1:07:13]} Qxd2 {[%clk 0:57:09]} 19. Rxd2 {[%clk 1:07:23]} a3
{[%clk 0:54:37]} 20. b4 {[%clk 1:00:26]} Na4 {[%clk 0:54:10]} 21. Rd3
{[%clk 0:59:32]} Bb2 {[%clk 0:50:27]} 22. Rc2 {[%clk 0:59:17]} Rfc8
{[%clk 0:37:39]} 23. Rb3 {[%clk 0:57:18]} b5 {[%clk 0:33:25]} 24. c5
{[%clk 0:56:48]} dxc5 {[%clk 0:33:05]} 25. bxc5 {[%clk 0:56:45]} Nb6
{[%clk 0:29:16]} 26. Bxb5 {[%clk 0:51:45]} Nxd5 {[%clk 0:29:25]} 27. Bf2
{[%clk 0:50:31]} Rab8 {[%clk 0:17:49]} 28. Bc4 {[%clk 0:47:44]} Nb4
{[%clk 0:15:57]} 29. Rd2 {[%clk 0:45:24]} Nc6 {[%clk 0:13:48]} 30. Rxb8
{[%clk 0:39:09]} Rxb8 {[%clk 0:14:10]} 31. Kf1 {[%clk 0:31:00]} Bc3
{[%clk 0:12:09]} 32. Rc2 {[%clk 0:30:25]} Rb1+ {[%clk 0:10:51]} 33. Ke2
{[%clk 0:30:34]} Bd4 {[%clk 0:10:36]} 34. Bd5 {[%clk 0:28:16]} Bxf2
{[%clk 0:06:29]} 35. Bxc6 {[%clk 0:27:45]} Rb2 {[%clk 0:06:02]} 36. Kd3
{[%clk 0:26:26]} Rxc2 {[%clk 0:05:23]} 37. Kxc2 {[%clk 0:26:47]} Bxc5
{[%clk 0:05:52]} 38. Kd3 {[%clk 0:26:43]} e6 {[%clk 0:06:04]} 39. Ba4
{[%clk 0:26:19]} Kg7 {[%clk 0:06:13]} 40. Bb3 {[%clk 0:25:55]} g5
{[%clk 0:06:31]} 41. Ke2 {[%clk 0:25:26]} Kf6 {[%clk 0:06:39]} 42. Bc4
{[%clk 0:25:23]} h5 {[%clk 0:06:48]} 43. Bd3 {[%clk 0:25:39]} Ke5
{[%clk 0:06:32]} 44. Bb5 {[%clk 0:25:25]} f5 {[%clk 0:06:02]} 45. Be8
{[%clk 0:24:22]} h4 {[%clk 0:06:09]} 46. Bd7 {[%clk 0:24:38]} h3 {[%clk 0:05:58]}
47. gxh3 {[%clk 0:24:38]} Bg1 {[%clk 0:05:09]} 48. Kf1 {[%clk 0:24:37]} Bxh2
{[%clk 0:05:37]} 49. Kg2 {[%clk 0:24:58]} Bf4 {[%clk 0:05:41]} 50. Bc8
{[%clk 0:25:19]} Be3 {[%clk 0:04:06]} 51. Bd7 {[%clk 0:25:40]} Kf6
{[%clk 0:03:23]} 52. Bc8 {[%clk 0:25:41]} Ke7 {[%clk 0:02:18]} 53. Ba6
{[%clk 0:24:49]} Kd7 {[%clk 0:02:15]} 54. Bc4 {[%clk 0:25:08]} Kd6
{[%clk 0:02:27]} 55. Bb3 {[%clk 0:25:15]} e5 {[%clk 0:02:17]} 56. Bc2
{[%clk 0:25:26]} 1/2-1/2

[Event "68. Unterfränkische Einzelmeisterschaft 2017"]
[Site "Sailauf in Ufr."]
[Date "2017.04.18"]
[Round "3.7"]
[White "Mueller, Lutz"]
[Black "Hamlack, Heinz"]
[Result "0-1"]
[BlackElo "2003"]
[WhiteElo "2043"]
[LiveChessVersion "1.4.8"]

1. d4 {[%clk 1:30:57]} Nf6 {[%clk 1:28:32]} 2. Nf3 {[%clk 1:31:16]} e6
{[%clk 1:28:14]} 3. e3 {[%clk 1:31:38]} d5 {[%clk 1:27:53]} 4. Bd3
{[%clk 1:32:03]} Be7 {[%clk 1:28:02]} 5. Nbd2 {[%clk 1:32:13]} O-O
{[%clk 1:27:31]} 6. b3 {[%clk 1:31:01]} c5 {[%clk 1:24:37]} 7. Bb2
{[%clk 1:27:49]} Nc6 {[%clk 1:20:46]} 8. a3 {[%clk 1:20:29]} cxd4
{[%clk 1:14:50]} 9. exd4 {[%clk 1:20:46]} Qc7 {[%clk 1:14:53]} 10. O-O
{[%clk 1:16:02]} Bd6 {[%clk 1:13:22]} 11. Qe2 {[%clk 1:04:23]} g6
{[%clk 0:56:47]} 12. c4 {[%clk 0:54:24]} Bf4 {[%clk 0:53:57]} 13. Rfe1
{[%clk 0:51:07]} Bh6 {[%clk 0:51:35]} 14. Rac1 {[%clk 0:46:32]} Rd8
{[%clk 0:50:31]} 15. Rc2 {[%clk 0:44:38]} a6 {[%clk 0:45:11]} 16. Ne5
{[%clk 0:31:47]} Qb6 {[%clk 0:31:13]} 17. c5 {[%clk 0:29:10]} Qc7
{[%clk 0:31:31]} 18. Ndf3 {[%clk 0:27:55]} Nd7 {[%clk 0:22:29]} 19. Nxf7
{[%clk 0:18:38]} Kxf7 {[%clk 0:21:53]} 20. Qxe6+ {[%clk 0:19:02]} Kg7
{[%clk 0:22:05]} 21. Qxd5 {[%clk 0:18:02]} Nde5 {[%clk 0:20:28]} 22. Qxd8
{[%clk 0:12:24]} Qxd8 {[%clk 0:14:10]} 23. d5 {[%clk 0:11:06]} Bf4
{[%clk 0:07:03]} 24. Bc4 {[%clk 0:08:04]} Kf8 {[%clk 0:05:11]} 25. Nxe5
{[%clk 0:05:46]} Nxe5 {[%clk 0:05:33]} 26. Re4 {[%clk 0:05:24]} Qg5
{[%clk 0:03:13]} 27. Bxe5 {[%clk 0:04:02]} Bxe5 {[%clk 0:03:12]} 28. f4
{[%clk 0:03:32]} Qg4 {[%clk 0:03:20]} 29. Be2 {[%clk 0:03:19]} Qf5
{[%clk 0:03:50]} 30. Rcc4 {[%clk 0:03:10]} Bb2 {[%clk 0:02:46]} 31. Bf3
{[%clk 0:02:37]} Bd7 {[%clk 0:02:44]} 32. g4 {[%clk 0:02:09]} Qf6
{[%clk 0:02:49]} 33. c6 {[%clk 0:02:20]} bxc6 {[%clk 0:02:56]} 34. dxc6
{[%clk 0:02:07]} Bxc6 {[%clk 0:03:02]} 35. g5 {[%clk 0:01:26]} Qd6
{[%clk 0:03:09]} 36. Rxc6 {[%clk 0:01:45]} Qxc6 0-1